Указы и постановления Президиума Верховного Совета СССР к протоколу № 24 том III

Доступно только в Электронных читальных залах Найти на картеНа карте
RUSMARC
00004258nac2a22002773x 450
00133ff94df-0073-4d03-937b-1c24daf5d00f
00520221209003510.0
100##$a20221115l19461946k y0rusy50 ca
1010#$arus
$amul
102##$aRU
105##$ay z |||||
1222#$ad19460103
$ad19460129
2001#$aУказы и постановления Президиума Верховного Совета СССР к протоколу № 24 том III
$j3-29 января 1946
215##$a350 листов
251##$cДело
300##$aЗаголовок дела на папке: Подлинные материалы к протоколу № 24 заседания Президиума Верховного Совета СССР том III
300##$aЧасть текста на языках народов СССР
300##$aЧасть текста машинописная и рукописная, часть - напечатана типографским способом
461#0$1001d61833fe-7036-4123-ba24-5c83654b2cf0
$12001
$aВерховный Совет СССР
$1251
$cФонд
$1852
$gР
$j7523
462#0$1001a334c51b-8455-4c6a-99ad-af63521fba80
$12001
$aПодлинные протоколы заседаний Президиума Верховного Совета СССР первого созыва за 1938-1946 гг.
$vД. 434
$1251
$cОпись
$1852
$j4
5171#$aПодлинные материалы к протоколу № 24 заседания Президиума Верховного Совета СССР том III
60101$3RU\NLR\AUTH\8817309
$aСССР
$bВерховный Совет
60101$3RU\NLR\AUTH\8810065327
$aСССР
$bВерховный Совет
$bПрезидиум
801#0$aRU
$bGA_RF
801#1$aRU
$bГлавНИВЦ
$c20221115
$2rusmarc
801#2$aRU
$bПБ им. Б.Н. Ельцина
$c20221209
$gRCR
$2rusmarc
852##$aГА РФ
$j434
937##$d181443554
$hГАРФ
035##$aRuPRLIB51069308
856##$uhttp://readingroom.main.prlib.ru/item.aspx?id_node=n181443554&mode=full
Формат отображения